[Event "Interclubs Adultes"]
[Site "Evry"]
[Date "30.05.30"]
[Round "9.2"]
[White "Shoker, Samy"]
[Black "Rozentalis, Eduardas"]
[Result "0-1"]
[WhiteElo "2377"]
[BlackElo "2582"]
[PlyCount "148"]
[EventDate "30.??.??"]
[WhiteTeam "Bois-Colombes"]
[BlackTeam "Strasbourg"]

1. g3 d5 2. Bg2 e5 3. d3 Nc6 4. a3 Nf6 5. Nd2 a5 6. b3 Bc5 7. e3 O-O 8. Bb2 h6
9. h3 Be6 10. Ngf3 e4 11. dxe4 Nxe4 12. Nxe4 dxe4 13. Qxd8 Raxd8 14. Ne5 Bd5
15. Ke2 Rfe8 16. Nxc6 Bxc6 17. Rhd1 Bb5+ 18. Ke1 f5 19. h4 Kf7 20. Bh3 g6 21.
h5 Rd6 22. Rxd6 Bxd6 23. Rd1 Bc6 24. Bc3 b6 25. a4 Bd7 26. hxg6+ Kxg6 27. Bf1
Be6 28. Bb5 Rg8 29. Bc6 h5 30. Bd5 Bxd5 31. Rxd5 Re8 32. Ke2 Re6 33. Bb2 Kg5
34. Bc3 Kg4 35. Bb2 Rh6 36. Bg7 Rg6 37. Bb2 Re6 38. Bc3 Bb4 39. Bb2 Bd6 40. Bc3
Rh6 41. Be1 h4 42. gxh4 Rxh4 43. c3 Rh3 44. Rd4 Be5 45. Rd5 Bd6 46. Rd4 Be5 47.
Rd8 f4 48. Rg8+ Kf5 49. exf4 Kxf4 50. Rf8+ Kg4 51. Bd2 Rd3 52. Rf7 Bxc3 53.
Rf4+ Kh5 54. Be3 Bb4 55. Rxe4 Rxb3 56. f4 Kg4 57. Re5 Rb2+ 58. Kd3 Bd6 59. Re8
Bxf4 60. Bd4 Rb4 61. Rg8+ Kf3 62. Rf8 Rxa4 63. Bc3 Re4 64. Rf7 a4 65. Rh7 Re3+
66. Kc2 Bd6 67. Rh3+ Ke2 68. Rh1 Re4 69. Re1+ Kf3 70. Rf1+ Kg4 71. Kd3 Rf4 72.
Rg1+ Kf5 73. Bd2 Rg4 74. Rf1+ Ke6 0-1

[Event "Interclubs Adultes"]
[Site "Evry"]
[Date "30.??.??"]
[Round "9.3"]
[White "Kallai, Gabor"]
[Black "Kozakov, Mikhail"]
[Result "1/2-1/2"]
[WhiteElo "2468"]
[BlackElo "2449"]
[PlyCount "74"]
[EventDate "30.??.??"]
[WhiteTeam "Strasbourg"]
[BlackTeam "Bois-Colombes"]

1. d4 Nf6 2. c4 g6 3. Nc3 d5 4. Nf3 Bg7 5. Bg5 dxc4 6. e3 Be6 7. Ne5 c5 8. Qa4+
Nfd7 9. Bxc4 Bxc4 10. Qxc4 Nxe5 11. dxe5 Bxe5 12. Qxc5 Nc6 13. Bf4 Bg7 14. O-O
O-O 15. Rac1 Qb6 16. Qxb6 axb6 17. Rfd1 Rfd8 18. Rxd8+ Rxd8 19. Rd1 Rxd1+ 20.
Nxd1 b5 21. e4 f5 22. Kf1 fxe4 23. Ke2 Bd4 24. Nc3 Nb4 25. Bd2 Nd3 26. b3 Nf4+
27. Bxf4 Bxc3 28. Ke3 e5 29. Bg3 Kf7 30. Kxe4 Ke6 31. f3 Bb2 32. Bf2 Bc3 33.
Be3 Bb4 34. Bb6 Bd6 35. Ba5 Bb8 36. Bb4 Bc7 37. Bf8 Bb8 1/2-1/2

[Event "Interclubs Adultes"]
[Site "Evry"]
[Date "30.??.??"]
[Round "9.4"]
[White "Le Roy, Brice"]
[Black "Doettling, Fabian"]
[Result "0-1"]
[WhiteElo "2301"]
[BlackElo "2544"]
[PlyCount "50"]
[EventDate "30.??.??"]
[WhiteTeam "Bois-Colombes"]
[BlackTeam "Strasbourg"]

1. e4 c6 2. d4 d5 3. e5 Bf5 4. Nc3 a6 5. Be3 e6 6. g4 Bg6 7. Bg2 h5 8. h3 hxg4
9. hxg4 Rxh1 10. Bxh1 Nd7 11. Nge2 f6 12. Nf4 Bf7 13. Qe2 fxe5 14. dxe5 Qc7 15.
O-O-O O-O-O 16. Nd3 Nxe5 17. Nxe5 Qxe5 18. Kb1 d4 19. Qf3 Nf6 20. Bf4 Qa5 21.
g5 Bh5 22. Qh3 Bg4 23. Qf1 Bxd1 24. Nxd1 Nd5 25. Bc1 d3 0-1

[Event "Interclubs Adultes"]
[Site "Evry"]
[Date "30.05.30"]
[Round "9.5"]
[White "Roos, Louis"]
[Black "Chomet, Pascal"]
[Result "0-1"]
[WhiteElo "2357"]
[BlackElo "2333"]
[PlyCount "96"]
[EventDate "30.??.??"]
[WhiteTeam "Strasbourg"]
[BlackTeam "Bois-Colombes"]

1. Nf3 g6 2. e4 c5 3. c3 Bg7 4. d4 cxd4 5. cxd4 d5 6. exd5 Nf6 7. Bb5+ Bd7 8.
Bc4 b5 9. Bb3 O-O 10. O-O Bf5 11. Qe2 a6 12. Nc3 b4 13. Na4 Be4 14. Bg5 Ra7 15.
Bxf6 Bxf3 16. Qxf3 Bxf6 17. Rad1 Nd7 18. d6 exd6 19. Qf4 Be7 20. Rfe1 Nf6 21.
d5 a5 22. Rc1 Nd7 23. Rc6 Ne5 24. Rcc1 Rb7 25. Qd4 Bf6 26. Qd2 g5 27. Bc2 Bg7
28. Bf5 h6 29. f4 gxf4 30. Qxf4 Rb5 31. Bb1 Qg5 32. Qxg5 hxg5 33. Rcd1 Ng4 34.
Rd3 Be5 35. h3 Nf6 36. Red1 Rc8 37. Kf2 Kg7 38. Kf3 Rc4 39. b3 g4+ 40. Ke2 Re4+
41. Kf1 Rf4+ 42. Ke2 gxh3 43. gxh3 Rh4 44. Kf1 Nh5 45. Rc1 Bd4 46. Rf3 Rxd5 47.
Rc4 Rg5 48. Bf5 Rxf5 0-1

[Event "Interclubs Adultes"]
[Site "Evry"]
[Date "30.??.??"]
[Round "9.6"]
[White "Pietrasanta, Jeremy"]
[Black "Roos, Daniel"]
[Result "0-1"]
[WhiteElo "2280"]
[BlackElo "2408"]
[PlyCount "70"]
[EventDate "30.??.??"]
[WhiteTeam "Bois-Colombes"]
[BlackTeam "Strasbourg"]

1. e4 c6 2. d3 e5 3. Nf3 Nf6 4. c3 Qc7 5. g3 d5 6. Qe2 dxe4 7. dxe4 Nbd7 8.
Nbd2 a5 9. Bg2 a4 10. O-O b6 11. Rd1 Ba6 12. c4 Bc5 13. Rb1 O-O 14. b4 axb3 15.
Nxb3 Rfe8 16. Bb2 Bb7 17. Bc3 Bf8 18. Nh4 Ra4 19. Nf5 Ba6 20. Ne3 b5 21. cxb5
Bxb5 22. Qc2 Qa7 23. Rd2 Nc5 24. Nxc5 Bxc5 25. Nf5 g6 26. Nd6 Bxd6 27. Rxd6
Rxa2 28. Bb2 Nd7 29. Qc3 Nc5 30. Ra1 Nd3 31. Rxd3 Rxa1+ 32. Bxa1 Bxd3 33. h4
Qa4 34. Bb2 Bxe4 35. Bf1 Bd5 0-1

[Event "Interclubs Adultes"]
[Site "Evry"]
[Date "30.??.??"]
[Round "9.7"]
[White "Roos, Jean-Luc"]
[Black "Vuilleumier, Alexandre"]
[Result "1-0"]
[WhiteElo "2326"]
[BlackElo "2277"]
[PlyCount "71"]
[EventDate "30.??.??"]
[WhiteTeam "Strasbourg"]
[BlackTeam "Bois-Colombes"]

1. d4 Nf6 2. c4 c5 3. d5 e6 4. Nc3 exd5 5. cxd5 d6 6. h3 g6 7. Nf3 Bg7 8. e4
O-O 9. Bd3 Bd7 10. a4 Na6 11. O-O Nb4 12. Bc4 Qb6 13. Re1 Rad8 14. Bf4 a6 15.
Qb3 Bc8 16. a5 Qa7 17. Na4 Rfe8 18. e5 dxe5 19. Be3 Nbxd5 20. Bxc5 Qb8 21. Bb6
Rd6 22. Bc5 Rdd8 23. Bxa6 e4 24. Bb5 Bd7 25. Nd4 e3 26. fxe3 Ne4 27. Bxd7 Rxd7
28. Qb5 Nxc5 29. Nxc5 Rde7 30. Nc2 Qc7 31. Rad1 Re5 32. Rxd5 Rxd5 33. Qxe8+ Bf8
34. b4 Rd2 35. Rf1 Rxc2 36. Nd7 1-0

[Event "Interclubs Adultes"]
[Site "Evry"]
[Date "30.??.??"]
[Round "9.8"]
[White "Guichard, Pauline"]
[Black "Gras, Delphine"]
[Result "1-0"]
[WhiteElo "2274"]
[BlackElo "2011"]
[PlyCount "71"]
[EventDate "30.??.??"]
[WhiteTeam "Bois-Colombes"]
[BlackTeam "Strasbourg"]

1. d4 d5 2. c4 e6 3. Nc3 Be7 4. Qc2 Nf6 5. Bg5 O-O 6. e3 h6 7. Bh4 b6 8. cxd5
exd5 9. Be2 c5 10. Nf3 Nc6 11. O-O Bg4 12. Rfd1 Nb4 13. Qa4 Bd7 14. Bb5 Bxb5
15. Qxb5 a6 16. Qe2 Ne4 17. dxc5 Nxc5 18. Bxe7 Qxe7 19. Nxd5 Nxd5 20. Rxd5 Rfd8
21. Rad1 Rxd5 22. Rxd5 Qe4 23. Qd1 Na4 24. Rd4 Nxb2 25. Qc1 Nd3 26. Qd2 Qe6 27.
Rxd3 Rc8 28. Rd8+ Kh7 29. Rxc8 Qxc8 30. h3 b5 31. Nd4 Kg8 32. Qc2 Qb7 33. Qc6
Qa7 34. Qe8+ Kh7 35. Nc6 Qc7 36. Ne7 1-0

[Event "Interclubs Adultes"]
[Site "Evry"]
[Date "31.??.??"]
[Round "10.1"]
[White "Vachier-Lagrave, Maxime"]
[Black "Jakovenko, Dmitry"]
[Result "1/2-1/2"]
[WhiteElo "2632"]
[BlackElo "2711"]
[PlyCount "59"]
[EventDate "31.??.??"]
[WhiteTeam "Evry Grand Roque"]
[BlackTeam "Clichy"]

1. e4 e5 2. Nf3 Nf6 3. Nxe5 d6 4. Nf3 Nxe4 5. Nc3 Nxc3 6. dxc3 Be7 7. Bf4 O-O
8. Qd2 Nd7 9. O-O-O Nc5 10. Be3 Re8 11. Kb1 c6 12. Qc1 Qc7 13. Nd4 a5 14. c4 a4
15. a3 Bd7 16. Be2 Rab8 17. g4 Bf8 18. Bf3 Ne4 19. Bxe4 Rxe4 20. f3 Ree8 21.
Qd2 Rbd8 22. Rhe1 c5 23. Nf5 Bxf5 24. gxf5 f6 25. Bf4 Qc6 26. Rxe8 Rxe8 27. Qd3
Kf7 28. h4 h5 29. Ka2 Kg8 30. Kb1 1/2-1/2

[Event "Interclubs Adultes"]
[Site "Evry"]
[Date "31.??.??"]
[Round "10.2"]
[White "Pelletier, Yannick"]
[Black "Feller, Sebastien"]
[Result "1/2-1/2"]
[WhiteElo "2607"]
[BlackElo "2540"]
[PlyCount "83"]
[EventDate "31.??.??"]
[WhiteTeam "Clichy"]
[BlackTeam "Evry Grand Roque"]

1. d4 d5 2. c4 c6 3. Nf3 Nf6 4. e3 a6 5. Bd3 Bg4 6. Nbd2 Nbd7 7. b3 e5 8. cxd5
cxd5 9. dxe5 Nxe5 10. Be2 Nxf3+ 11. Bxf3 Bxf3 12. Nxf3 Bb4+ 13. Bd2 Qa5 14.
Bxb4 Qxb4+ 15. Qd2 Qxd2+ 16. Kxd2 Rc8 17. Nd4 Kd7 18. f3 h5 19. h4 Rc5 20. Rac1
Rhc8 21. Rxc5 Rxc5 22. Rd1 g6 23. Ke2 Ke7 24. Kf2 Rc3 25. Rd2 Kd6 26. Ne2 Rc7
27. Nf4 Ke5 28. Nd3+ Ke6 29. Nf4+ Ke5 30. Nd3+ Ke6 31. Ke2 Rc3 32. Nf4+ Ke5 33.
Nd3+ Ke6 34. Kd1 Kd6 35. Rc2 Rxc2 36. Kxc2 Ng8 37. g4 hxg4 38. fxg4 Nh6 39. Nf2
f6 40. Kd3 Ke5 41. Ke2 g5 42. hxg5 1/2-1/2

[Event "Interclubs Adultes"]
[Site "Evry"]
[Date "31.??.??"]
[Round "10.5"]
[White "Relange, Eloi"]
[Black "Naiditsch, Arkadij"]
[Result "0-1"]
[WhiteElo "2479"]
[BlackElo "2623"]
[PlyCount "92"]
[EventDate "31.??.??"]
[WhiteTeam "Evry Grand Roque"]
[BlackTeam "Clichy"]

1. d4 Nf6 2. Nf3 e6 3. c4 Bb4+ 4. Bd2 c5 5. Bxb4 cxb4 6. g3 O-O 7. Bg2 d6 8. a3
bxa3 9. b4 Nc6 10. b5 Na5 11. Qd3 Qc7 12. Nbd2 b6 13. O-O Bb7 14. Rfc1 e5 15.
Qxa3 exd4 16. Nxd4 Bxg2 17. Kxg2 Rfe8 18. Qf3 Nd7 19. Nf5 Nc5 20. Ra3 Rad8 21.
Qg4 f6 22. Re3 Rxe3 23. Nxe3 Qf7 24. Nf5 Kf8 25. Rd1 g6 26. Ne3 Re8 27. Qf4 Re6
28. Nf3 Kg7 29. Ng4 g5 30. Qc1 Rxe2 31. Nd4 Nab3 32. Nf5+ Kg6 33. Qc3 h5 34.
Nxd6 Qe6 35. Ne3 Ne4 36. Nxe4 Qxe4+ 37. Kf1 Rd2 38. Kg1 Rxd1+ 39. Nxd1 Nd4 40.
Qe3 Nf3+ 41. Kh1 Kf5 42. h4 gxh4 43. c5 bxc5 44. Qxc5+ Ne5+ 45. Kh2 Kg6 46. Qc3
h3 0-1

[Event "Interclubs Adultes"]
[Site "Evry"]
[Date "31.??.??"]
[Round "10.7"]
[White "Bergez, Luc"]
[Black "Apicella, Manuel"]
[Result "1-0"]
[WhiteElo "2367"]
[BlackElo "2532"]
[PlyCount "47"]
[EventDate "31.??.??"]
[WhiteTeam "Evry Grand Roque"]
[BlackTeam "Clichy"]

1. d4 Nf6 2. c4 g6 3. Nc3 Bg7 4. e4 d6 5. Nf3 O-O 6. Be2 Na6 7. Bg5 h6 8. Bh4
Qe8 9. e5 Nd7 10. Bg3 dxe5 11. dxe5 e6 12. Qd2 Qe7 13. O-O-O Qb4 14. h4 Qa5 15.
h5 g5 16. Nxg5 Nxe5 17. Nf3 Nc6 18. Bf4 Kh7 19. g4 Nab4 20. g5 Bxc3 21. bxc3
Rd8 22. g6+ Kh8 23. Qxd8+ Nxd8 24. Be5+ 1-0

[Event "Interclubs Adultes"]
[Site "Evry"]
[Date "31.??.??"]
[Round "10.8"]
[White "Skripchenko, Almira"]
[Black "Roumegous, Marina"]
[Result "1-0"]
[WhiteElo "2443"]
[BlackElo "2217"]
[PlyCount "107"]
[EventDate "31.??.??"]
[WhiteTeam "Clichy"]
[BlackTeam "Evry Grand Roque"]

1. e4 c6 2. d4 d5 3. Nc3 dxe4 4. Nxe4 Bf5 5. Nc5 b6 6. Nb3 Nf6 7. Nf3 Nbd7 8.
Bf4 e6 9. Ba6 Nd5 10. Bd2 Qc7 11. Nh4 Be4 12. f3 Bg6 13. g3 Be7 14. Nxg6 hxg6
15. O-O Bd6 16. Qe2 O-O 17. f4 Rab8 18. Bd3 c5 19. c3 Rfc8 20. Bxg6 c4 21. Nc1
N7f6 22. Bc2 b5 23. a3 a5 24. Na2 Kf8 25. Rac1 Rb7 26. Qf3 Qc6 27. g4 Ne7 28.
Qe2 Nfd5 29. Be4 Qc7 30. Qf2 Rb6 31. Bb1 Ng8 32. Rce1 Rcb8 33. Qf3 Re8 34. Re2
Re7 35. Ref2 Qc6 36. Qh3 Ndf6 37. Re1 Nd5 38. Qh8 f5 39. h3 Bxf4 40. Bxf4 Nxf4
41. Rxf4 Qc7 42. Rf3 Rf7 43. gxf5 e5 44. Qh4 exd4 45. Qxd4 Rd6 46. Qf4 Nf6 47.
Nc1 Rfd7 48. Ne2 Nh5 49. Qh4 Rd1 50. Nd4 Rxe1+ 51. Qxe1 Qb8 52. Bc2 Nf6 53. Qe6
Re7 54. Qxe7+ 1-0

[Event "Interclubs Adultes"]
[Site "Evry"]
[Date "31.??.??"]
[Round "10.1"]
[White "Tkachiev, Vladislav"]
[Black "Van Wely, Loek"]
[Result "1/2-1/2"]
[WhiteElo "2657"]
[BlackElo "2676"]
[PlyCount "35"]
[EventDate "31.??.??"]
[WhiteTeam "Cannes"]
[BlackTeam "Montpellier"]

1. c4 c5 2. Nf3 Nf6 3. Nc3 e6 4. e4 Nc6 5. Be2 e5 6. O-O g6 7. d3 Bg7 8. Ne1 d6
9. f4 exf4 10. Bxf4 O-O 11. Bg5 h6 12. Bh4 Nd4 13. Nc2 g5 14. Bg3 Ng4 15. Bxg4
Bxg4 16. Qd2 f5 17. Ne3 Qd7 18. Nxg4 1/2-1/2

[Event "Interclubs Adultes"]
[Site "Evry"]
[Date "31.??.??"]
[Round "10.3"]
[White "Inarkiev, Ernesto"]
[Black "Hamdouchi, Hichem"]
[Result "1/2-1/2"]
[WhiteElo "2684"]
[BlackElo "2576"]
[PlyCount "162"]
[EventDate "31.??.??"]
[WhiteTeam "Cannes"]
[BlackTeam "Montpellier"]

1. d4 d5 2. c4 c6 3. Nf3 Nf6 4. Nc3 dxc4 5. a4 Na6 6. e3 Bg4 7. Bxc4 e6 8. h3
Bh5 9. O-O Nb4 10. Qe2 Be7 11. Rd1 O-O 12. g4 Bg6 13. e4 Nd7 14. Bf4 Kh8 15.
Bg3 Re8 16. Kh2 Qa5 17. Rd2 Bf6 18. Rad1 h6 19. h4 a6 20. Kg2 Nd5 21. g5 hxg5
22. hxg5 Nxc3 23. bxc3 Bxg5 24. Rb2 Bh6 25. Rxb7 Rad8 26. Rh1 Kg8 27. Bc7 Qxa4
28. Bxd8 Rxd8 29. Bd3 c5 30. Ra7 cxd4 31. Rxa6 Qb3 32. cxd4 Nf6 33. Ne5 Rxd4
34. Rb1 Qxd3 35. Nxd3 Bxe4+ 36. f3 Bxd3 37. Qb2 Rc4 38. Qb8+ Kh7 39. Rb2 Nd5
40. Ra1 Rh4 41. Ra8 Rh5 42. Qg8+ Kg6 43. Ra7 Ne3+ 44. Kg1 Rg5+ 45. Kh1 Rf5 46.
Rh2 Rxf3 47. Rxf7 Rxf7 48. Rxh6+ Kxh6 49. Qxf7 Bf5 50. Kh2 Nd5 51. Kg3 Kh7 52.
Kh4 Kh8 53. Kg5 Kh7 54. Qf8 Nf6 55. Kf4 Kg6 56. Qh8 Kf7 57. Ke5 Ng4+ 58. Kd6
Nf6 59. Qb8 Nd5 60. Qa7+ Kf6 61. Kd7 g5 62. Qa1+ Kg6 63. Ke8 g4 64. Kf8 Kg5 65.
Qe5 Kh4 66. Qh2+ Kg5 67. Kg7 Be4 68. Qe5+ Bf5 69. Qd6 Be4 70. Qh2 Kf5 71. Kf7
e5 72. Kg7 Bf3 73. Kh6 Nf6 74. Qd2 Nd5 75. Qg5+ Ke4 76. Kg6 Kd4 77. Qd2+ Ke4
78. Qg5 Kd4 79. Qd2+ Ke4 80. Qg5 Nf4+ 81. Kf6 Nd3 1/2-1/2

[Event "Interclubs Adultes"]
[Site "Evry"]
[Date "31.??.??"]
[Round "10.6"]
[White "Flear, Glenn C"]
[Black "Nataf, Igor-Alexandre"]
[Result "0-1"]
[WhiteElo "2508"]
[BlackElo "2543"]
[PlyCount "40"]
[EventDate "31.??.??"]
[WhiteTeam "Montpellier"]
[BlackTeam "Cannes"]

1. d4 Nf6 2. c4 g6 3. Nc3 Bg7 4. e4 d6 5. Be2 O-O 6. Bg5 c5 7. d5 a6 8. a4 Re8
9. Qd2 Qa5 10. Nf3 b5 11. cxb5 axb5 12. Bxf6 Bxf6 13. Bxb5 Bxc3 14. bxc3 Qxb5
15. axb5 Rxa1+ 16. Ke2 Rxh1 17. h3 Ra1 18. c4 Nd7 19. Qb2 Ra4 20. Nd2 Bb7 0-1

[Event "Interclubs Adultes"]
[Site "Evry"]
[Date "31.??.??"]
[Round "10.7"]
[White "Cornette, Matthieu"]
[Black "Prie, Eric"]
[Result "1/2-1/2"]
[WhiteElo "2496"]
[BlackElo "2520"]
[PlyCount "55"]
[EventDate "31.??.??"]
[WhiteTeam "Cannes"]
[BlackTeam "Montpellier"]

1. e4 d5 2. exd5 Qxd5 3. Nc3 Qa5 4. d4 Nf6 5. Nf3 c6 6. Bc4 Bf5 7. Bd2 e6 8.
Ne4 Qb6 9. Nxf6+ gxf6 10. Qe2 Nd7 11. O-O-O O-O-O 12. Nh4 Bg6 13. g3 Bb4 14.
Bf4 Qa5 15. Nxg6 hxg6 16. a3 Bf8 17. Kb1 Bh6 18. Bd6 Bf8 19. Bxf8 Rdxf8 20. h4
f5 21. Ba2 Nf6 22. f3 Rd8 23. c4 Rd7 24. Qe3 Re8 25. Rh2 Qc7 26. Qe1 Red8 27.
Rhd2 Kb8 28. Kc1 1/2-1/2

[Event "Interclubs Adultes"]
[Site "Evry"]
[Date "31.??.??"]
[Round "10.8"]
[White "Milliet, Sophie"]
[Black "Leconte, Maria"]
[Result "1-0"]
[WhiteElo "2354"]
[BlackElo "2336"]
[PlyCount "65"]
[EventDate "31.??.??"]
[WhiteTeam "Montpellier"]
[BlackTeam "Cannes"]

1. e4 e6 2. d4 d5 3. Nc3 Nf6 4. e5 Nfd7 5. f4 c5 6. Nf3 Nc6 7. Be3 cxd4 8. Nxd4
Bc5 9. Qd2 O-O 10. O-O-O a6 11. Qf2 Qe7 12. Kb1 Bb4 13. Na4 f6 14. c3 Ba5 15.
exf6 Qxf6 16. g3 e5 17. Nc2 Ne7 18. Bg2 e4 19. Nc5 Qc6 20. Nb3 Bc7 21. Nb4 Qg6
22. Nxd5 Nxd5 23. Rxd5 Ne5 24. Qc2 Ng4 25. Bc5 Re8 26. Rg5 Qc6 27. Nd4 Qf6 28.
Bxe4 Bxf4 29. Bxh7+ Kh8 30. gxf4 Qxf4 31. Qg6 Qf6 32. Qxe8+ Kxh7 33. Qe4+ 1-0

[Event "Interclubs Adultes"]
[Site "Evry"]
[Date "2008.05.31"]
[Round "10.1"]
[White "Postny, Evgeny"]
[Black "Riff, Jean-Noel"]
[Result "1-0"]
[WhiteElo "2649"]
[BlackElo "2487"]
[PlyCount "61"]
[EventDate "31.??.??"]
[WhiteTeam "Metz Fischer"]
[BlackTeam "Mulhouse Philidor"]

1. d4 Nf6 2. c4 e6 3. Nf3 Bb4+ 4. Bd2 a5 5. g3 d6 6. Bg2 Nc6 7. O-O e5 8. Bg5
exd4 9. Nxd4 Nxd4 10. Qxd4 h6 11. Bxf6 Qxf6 12. Qxf6 gxf6 13. a3 Bc5 14. Nc3 c6
15. Rac1 Be6 16. Ne4 Ke7 17. Rfd1 Rhd8 18. e3 a4 19. Bf1 Ra5 20. Rd2 Bb6 21.
Nc3 Bc7 22. Rd4 h5 23. Be2 Rh8 24. Bd1 h4 25. Nxa4 hxg3 26. hxg3 Rha8 27. Nc3
Re5 28. Rh4 Bb6 29. Kf1 d5 30. cxd5 Bxd5 31. Rb4 1-0

[Event "Interclubs Adultes"]
[Site "Evry"]
[Date "2008.05.31"]
[Round "10.3"]
[White "Svetushkin, Dmitry"]
[Black "Bricard, Emmanuel"]
[Result "1-0"]
[WhiteElo "2568"]
[BlackElo "2484"]
[PlyCount "83"]
[EventDate "31.??.??"]
[WhiteTeam "Metz Fischer"]
[BlackTeam "Mulhouse Philidor"]

1. e4 g6 2. d4 Bg7 3. c3 d6 4. Nf3 Nd7 5. Bd3 e5 6. O-O Nh6 7. Nbd2 O-O 8. Re1
f6 9. Nf1 Re8 10. h4 Nf8 11. h5 Be6 12. Ng3 Qd7 13. Bd2 exd4 14. cxd4 d5 15. e5
Nf5 16. hxg6 hxg6 17. Qc2 Nxg3 18. fxg3 fxe5 19. dxe5 Bg4 20. Bf4 Rac8 21. b4
c6 22. Rac1 a5 23. a3 axb4 24. axb4 b6 25. Bxg6 Nxg6 26. Qxg6 Qe6 27. Qd3 Bxf3
28. gxf3 c5 29. bxc5 bxc5 30. Kg2 c4 31. Qd4 Bf8 32. Bg5 Rc7 33. Bf6 Bc5 34.
Qf4 Rh7 35. Rh1 Qf7 36. Qg5+ Kf8 37. Qf5 Kg8 38. g4 Be3 39. Rce1 d4 40. Rb1 Ra8
41. Kg3 c3 42. e6 1-0

[Event "Interclubs Adultes"]
[Site "Evry"]
[Date "2008.05.31"]
[Round "10.4"]
[White "Genov, Petar"]
[Black "Neiman, Emmanuel"]
[Result "1/2-1/2"]
[WhiteElo "2474"]
[BlackElo "2362"]
[PlyCount "61"]
[EventDate "31.??.??"]
[WhiteTeam "Mulhouse Philidor"]
[BlackTeam "Metz Fischer"]

1. d4 d5 2. c4 c6 3. Nf3 Nf6 4. Nc3 e6 5. Bg5 h6 6. Bxf6 Qxf6 7. e3 Nd7 8. Bd3
g6 9. O-O Bg7 10. cxd5 exd5 11. b4 Qd6 12. Qb3 Nb6 13. b5 c5 14. dxc5 Qxc5 15.
Rac1 O-O 16. a4 Be6 17. Nd4 Qd6 18. Nce2 Bd7 19. a5 Nc8 20. a6 bxa6 21. bxa6
Nb6 22. Bb5 Rab8 23. Qd3 Rfc8 24. g3 Nc4 25. Bxd7 Qxd7 26. Nf3 Nb2 27. Rxc8+
Qxc8 28. Qxd5 Qxa6 29. Ned4 Qb7 30. Qa2 Nd3 31. Qe2 1/2-1/2

[Event "Interclubs Adultes"]
[Site "Evry"]
[Date "2008.05.31"]
[Round "10.5"]
[White "Koch, Jean-Rene"]
[Black "Fischer, Marc"]
[Result "1-0"]
[WhiteElo "2453"]
[BlackElo "2248"]
[PlyCount "71"]
[EventDate "31.??.??"]
[WhiteTeam "Metz Fischer"]
[BlackTeam "Mulhouse Philidor"]

1. c4 f5 2. Nc3 Nf6 3. d4 g6 4. f3 Bg7 5. e4 d6 6. e5 dxe5 7. dxe5 Qxd1+ 8.
Kxd1 Nfd7 9. f4 b6 10. Nf3 Na6 11. a3 Ndc5 12. Kc2 Bb7 13. b4 Ne6 14. c5 bxc5
15. b5 Nb8 16. Bc4 Nd4+ 17. Nxd4 cxd4 18. Nd5 Kd8 19. Rd1 c5 20. Bd2 Kd7 21.
Ba5 Rc8 22. b6 Nc6 23. Bb5 Ke6 24. Bxc6 Bxc6 25. Nc7+ Rxc7 26. bxc7 Ba4+ 27.
Kd3 Bxd1 28. Rxd1 Kd7 29. Kc4 Kc6 30. Rb1 Rc8 31. Rb8 Rxc7 32. Bxc7 Kxc7 33.
Rg8 Bh6 34. g3 Kd7 35. h4 Ke6 36. Ra8 1-0

[Event "Interclubs Adultes"]
[Site "Evry"]
[Date "2008.05.31"]
[Round "10.6"]
[White "Nass, Emile"]
[Black "Taddei, Benoit"]
[Result "0-1"]
[WhiteElo "2112"]
[BlackElo "2297"]
[PlyCount "58"]
[EventDate "31.??.??"]
[WhiteTeam "Mulhouse Philidor"]
[BlackTeam "Metz Fischer"]

1. d4 d5 2. Nf3 Nc6 3. c4 Bg4 4. Nc3 e6 5. Bf4 Bxf3 6. gxf3 Bd6 7. Bxd6 Qxd6 8.
e3 Nge7 9. f4 O-O 10. Bd3 Nb4 11. c5 Nxd3+ 12. Qxd3 Qd7 13. b4 f6 14. O-O-O b6
15. Rd2 c6 16. a4 a5 17. b5 Rfc8 18. cxb6 cxb5 19. Kb2 bxa4 20. Ra1 Rc4 21. Ra3
Rb8 22. Ka1 Rxb6 23. Rb2 Rxb2 24. Kxb2 Nc8 25. Kc1 Nd6 26. Kd1 Qc6 27. Ke2 Ne4
28. Nd1 Rc2+ 29. Kf1 Rd2 0-1

[Event "Interclubs Adultes"]
[Site "Evry"]
[Date "2008.05.31"]
[Round "10.7"]
[White "Hisler, Thomas"]
[Black "Muller, Anne"]
[Result "0-1"]
[WhiteElo "2259"]
[BlackElo "2165"]
[PlyCount "122"]
[EventDate "31.??.??"]
[WhiteTeam "Metz Fischer"]
[BlackTeam "Mulhouse Philidor"]

1. f4 d5 2. e3 Nf6 3. Nf3 e6 4. b3 Be7 5. Bb2 c5 6. Be2 Nc6 7. O-O O-O 8. Qe1
Nd7 9. Qg3 Bf6 10. d4 b6 11. Nbd2 Bb7 12. c3 Rc8 13. Bd3 g6 14. h4 Ne7 15. Rae1
Nf5 16. Qh3 h5 17. Ng5 Bg7 18. Ndf3 Nf6 19. Ne5 Qe8 20. g4 hxg4 21. Nxg4 Nxg4
22. Qxg4 f6 23. Nxe6 Qxe6 24. Qxg6 Nxh4 25. Qh5 f5 26. Qxh4 Rf6 27. Rf3 Rh6 28.
Qf2 Kf7 29. Bf1 Rch8 30. Bg2 Bf6 31. Qc2 Qe4 32. Rc1 Rg8 33. Qxe4 fxe4 34. Rf2
Rhg6 35. Kf1 Rg3 36. Re2 cxd4 37. exd4 Ke6 38. c4 Kf5 39. Rcc2 dxc4 40. bxc4 e3
41. d5 Bxb2 42. Rxb2 Kxf4 43. d6 Bf3 44. Rec2 e2+ 45. Rxe2 Bxe2+ 46. Rxe2 Rd8
47. Rd2 Ke5 48. d7 Rc3 49. Bb7 Rxc4 50. Bc8 Rc3 51. Ke2 Rh3 52. Kd1 Rc3 53. Ba6
Rc5 54. Bb7 Ke6 55. Bf3 Rg5 56. Bc6 b5 57. Rd4 Rc5 58. Bg2 Rc3 59. Kd2 Ra3 60.
Bc6 a6 61. Kc1 Rc3+ 0-1

[Event "Interclubs Adultes"]
[Site "Evry"]
[Date "2008.05.31"]
[Round "10.8"]
[White "Guth, Noel"]
[Black "Leclair, Marie"]
[Result "0-1"]
[WhiteElo "2107"]
[BlackElo "1974"]
[PlyCount "92"]
[EventDate "31.??.??"]
[WhiteTeam "Mulhouse Philidor"]
[BlackTeam "Metz Fischer"]

1. d4 d5 2. c4 e6 3. Nc3 c5 4. Nf3 Nc6 5. cxd5 exd5 6. e3 Nf6 7. Be2 a6 8. O-O
Bd6 9. dxc5 Bxc5 10. a3 O-O 11. b4 Ba7 12. Bb2 Re8 13. Rc1 Bf5 14. Na4 Ne4 15.
Nd4 Nxd4 16. Bxd4 Bb8 17. Nb6 Qh4 18. f4 g5 19. Qe1 Qh6 20. g3 gxf4 21. exf4
Ba7 22. g4 Bxb6 23. Rc5 Bxc5 24. bxc5 Bd7 25. g5 Qc6 26. Qh4 Bf5 27. Bg4 Bxg4
28. Qxg4 Qa4 29. Bf6 Qc6 30. Qh4 Qxc5+ 31. Kh1 Qf8 32. Rf3 Rac8 33. Bd4 Rc1+
34. Kg2 Rc2+ 35. Kh1 Qe7 36. Qh6 Ng3+ 37. hxg3 Qe1+ 38. Bg1 Rc1 39. Qb6 Qe4 40.
Qf2 d4 41. Qg2 d3 42. f5 Qe2 43. g6 Qxg2+ 44. Kxg2 d2 45. gxh7+ Kxh7 46. Rf4
Rxg1+ 0-1

[Event "Interclubs Adultes"]
[Site "Evry"]
[Date "2008.05.31"]
[Round "10.2"]
[White "Meier, Georg"]
[Black "Gurevich, Mikhail"]
[Result "0-1"]
[WhiteElo "2560"]
[BlackElo "2611"]
[PlyCount "92"]
[EventDate "31.??.??"]
[WhiteTeam "Vandoeuvre"]
[BlackTeam "Gonfreville l'Orcher"]

1. d4 d5 2. c4 c6 3. Nc3 Nf6 4. cxd5 cxd5 5. Nf3 Nc6 6. Bf4 a6 7. Rc1 Bf5 8. e3
Qb6 9. Be2 e6 10. O-O Qxb2 11. Na4 Qb4 12. Nh4 Be4 13. f3 Bg6 14. Nxg6 hxg6 15.
Rb1 Qa3 16. Rxb7 Na5 17. Rc7 g5 18. Rc3 Qxa2 19. Bc7 Bb4 20. Qc2 Qxc2 21. Rxc2
Nc4 22. Bxc4 dxc4 23. Nb6 Ra7 24. Rxc4 O-O 25. Ra1 Bd2 26. Kf2 Re8 27. e4 a5
28. Ra2 Bf4 29. e5 Bxh2 30. Bd6 Nh5 31. Rc6 Bg3+ 32. Ke3 Nf4 33. Bc5 g6 34. Nc4
Rb7 35. Nxa5 Rb1 36. Rc2 Re1+ 37. Kd2 Rg1 38. Nc4 Rxg2+ 39. Kc3 Nd5+ 40. Kd3
Nf4+ 41. Kc3 Be1+ 42. Kb3 Rg3 43. Nd6 Rxf3+ 44. Kc4 Rb8 45. Ne4 Nd5 46. Nxg5
Rg3 0-1

[Event "Interclubs Adultes"]
[Site "Evry"]
[Date "2008.05.31"]
[Round "10.3"]
[White "Rausis, Igor"]
[Black "Hracek, Zbynek"]
[Result "1/2-1/2"]
[WhiteElo "2511"]
[BlackElo "2613"]
[PlyCount "27"]
[EventDate "31.??.??"]
[WhiteTeam "Gonfreville l'Orcher"]
[BlackTeam "Vandoeuvre"]

1. e4 c5 2. c3 Nf6 3. e5 Nd5 4. d4 cxd4 5. Nf3 Nc6 6. cxd4 d6 7. Bc4 Nb6 8. Bb5
dxe5 9. Nxe5 Bd7 10. Nxd7 Qxd7 11. Nc3 Rd8 12. O-O e6 13. Bg5 Be7 14. Bxe7
1/2-1/2

[Event "Interclubs Adultes"]
[Site "Evry"]
[Date "2008.05.31"]
[Round "10.4"]
[White "Brunner, Nicolas"]
[Black "Degraeve, Jean-Marc"]
[Result "1/2-1/2"]
[WhiteElo "2404"]
[BlackElo "2556"]
[PlyCount "49"]
[EventDate "31.??.??"]
[WhiteTeam "Vandoeuvre"]
[BlackTeam "Gonfreville l'Orcher"]

1. d4 Nf6 2. c4 g6 3. Nc3 Bg7 4. e4 d6 5. Nf3 O-O 6. Be2 e5 7. dxe5 dxe5 8.
Qxd8 Rxd8 9. Bg5 Nbd7 10. O-O-O Rf8 11. Nd5 c6 12. Ne7+ Kh8 13. Be3 Re8 14.
Nxc8 Raxc8 15. Ng5 Kg8 16. Bg4 Rc7 17. Bxd7 Nxd7 18. Rd3 Bh6 19. Rhd1 Nf8 20.
Rd8 Rc8 21. Rxc8 Rxc8 22. Rd6 a6 23. Kd2 Rc7 24. Ke2 Rd7 25. Rxd7 1/2-1/2